| 000 | 00518nam a22001817a 4500 | ||
|---|---|---|---|
| 999 |
_c108228 _d108228 |
||
| 005 | 20200615105503.0 | ||
| 010 | _aA-998689 | ||
| 020 | _c35.00 | ||
| 035 | _aA-998689 | ||
| 037 | _bCen Lib/Ret | ||
| 082 | _a920 | ||
| 100 | _aفرحت قمر | ||
| 245 |
_aیاد کیسے ہمارے رہنما / _cفرحت قمر |
||
| 246 |
_aYaad Kise Hmare Rehnuma / _bby Farhat Qamar |
||
| 260 |
_aNew Delhi _bChildren Book Trust _c1996 ء |
||
| 300 |
_a149p. _c19cm(Hb) |
||
| 942 |
_2ddc _cUR _h920 _mف ر ح |
||